[Event "Antioquia op"]
[Site "Antioquia"]
[Date "2020.03.07"]
[Round "8"]
[White "Florez Caceres, Rafael Omar"]
[Black "Zapata Cuartas, Juan Carlos"]
[Result "0-1"]
[WhiteElo "1568"]
[BlackElo "2123"]
[PlyCount "92"]
[EventDate "2020.03.03"]
[EventType "swiss"]
[EventRounds "9"]
[EventCountry "COL"]
[SourceTitle "CBM 195 Extra"]
[Source "ChessBase"]
[SourceDate "2020.05.31"]
[SourceVersion "1"]
[SourceVersionDate "2020.05.31"]
[SourceQuality "1"]

1. e4 c5 2. Nc3 Nc6 3. g3 g6 4. Bg2 Bg7 5. d3 e6 6. f4 Nge7 7. Nf3 d6 8. 0-0 0-0 9. Be3 Nd4 10. Nh4 Rb8 11. Qd2 b5 12. Nd1 f5 13. c3 Ndc6 14. Bf2 b4 15. c4 Nd4 16. Ne3 Nec6 17. exf5 gxf5 18. Rfe1 b3 19. a3 Qa5 20. Rad1 Bf6 21. Nf3 Bd8 22. Qc1 Qa4 23. Nxd4 Nxd4 24. g4 Ba5 25. gxf5 Bxe1 26. Rxe1 Nxf5 27. Nxf5 Rxf5 28. Be4 Rf7 29. Re3 Rg7+ 30. Rg3 Qd7 31. Be1 d5 32. cxd5 exd5 33. Bg2 Rxg3 34. hxg3 Qd6 35. Ba5 Bf5 36. Qe3 d4 37. Qf3 Re8 38. Bd2 Qe6 39. Kf2 Bg4 40. Qd5 Kg7 41. Qxe6 Rxe6 42. Be4 c4 43. Bc1 Kf6 44. Kf1 c3 45. Ke1 Bf5 46. bxc3 dxc3 0-1

[Event "Antioquia op"]
[Site "Antioquia"]
[Date "2020.03.06"]
[Round "5"]
[White "Ladron De Guevara Mendez, Lorena"]
[Black "Florez Caceres, Rafael Omar"]
[Result "0-1"]
[WhiteElo "1327"]
[BlackElo "1568"]
[PlyCount "86"]
[EventDate "2020.03.03"]
[EventType "swiss"]
[EventRounds "9"]
[EventCountry "COL"]
[SourceTitle "CBM 195 Extra"]
[Source "ChessBase"]
[SourceDate "2020.05.31"]
[SourceVersion "1"]
[SourceVersionDate "2020.05.31"]
[SourceQuality "1"]

1. e4 c5 2. Nf3 e6 3. d4 cxd4 4. Nxd4 a6 5. Bd3 Nf6 6. 0-0 Be7 7. Qe2 d6 8. b3 0-0 9. Bb2 Qc7 10. c4 Nbd7 11. f4 b6 12. Nd2 Bb7 13. Rae1 Rfd8 14. e5 Ne8 15. Qh5 g6 16. Qh6 dxe5 17. fxe5 Bf8 18. Qf4 Nc5 19. Bc2 Qe7 20. N2f3 Ng7 21. Ng5 Nf5 22. Nxf5 exf5 23. g4 h6 24. Nh3 Ne6 25. Qg3 fxg4 26. Qxg4 Rd2 27. Rf2 Rad8 28. Bc3 Rxf2 29. Nxf2 h5 30. Qg3 Bh6 31. Ne4 Bf4 32. Nf6+ Kf8 33. Qh4 Qc5+ 34. Kf1 Qc7 35. Bb4+ Kg7 36. Nxh5+ gxh5 37. Qxh5 Rh8 38. Qf5 Qd8 39. Rd1 Qg5 40. Qxg5+ Nxg5 41. Rd7 Bc8 42. Rd6 Rxh2 43. Bc3 Rxc2 0-1

[Event "Antioquia op"]
[Site "Antioquia"]
[Date "2020.03.06"]
[Round "6"]
[White "Valle, Efrain"]
[Black "Florez Caceres, Rafael Omar"]
[Result "1-0"]
[WhiteElo "2072"]
[BlackElo "1568"]
[PlyCount "45"]
[EventDate "2020.03.03"]
[EventType "swiss"]
[EventRounds "9"]
[EventCountry "COL"]
[SourceTitle "CBM 195 Extra"]
[Source "ChessBase"]
[SourceDate "2020.05.31"]
[SourceVersion "1"]
[SourceVersionDate "2020.05.31"]
[SourceQuality "1"]

1. d4 Nf6 2. Nc3 g6 3. Bg5 Bg7 4. e4 d6 5. Bd3 Nbd7 6. f4 0-0 7. e5 Ne8 8. Nf3 f6 9. Bh4 dxe5 10. fxe5 Nb6 11. h3 Be6 12. Qe2 Qc8 13. 0-0-0 c6 14. Rhe1 Nc7 15. Bg3 Re8 16. h4 Bg4 17. Ne4 f5 18. Ned2 Ne6 19. Bc4 Kh8 20. Qd3 Rd8 21. Bxe6 Qxe6 22. Qb3 Qxb3 23. Nxb3 1-0

[Event "Antioquia op"]
[Site "Antioquia"]
[Date "2020.03.04"]
[Round "2"]
[White "Florez Caceres, Rafael Omar"]
[Black "Cardona, Marisol"]
[Result "1-0"]
[WhiteElo "1568"]
[BlackElo "1209"]
[PlyCount "29"]
[EventDate "2020.03.03"]
[EventType "swiss"]
[EventRounds "9"]
[EventCountry "COL"]
[SourceTitle "CBM 195 Extra"]
[Source "ChessBase"]
[SourceDate "2020.05.31"]
[SourceVersion "1"]
[SourceVersionDate "2020.05.31"]
[SourceQuality "1"]

1. e4 d5 2. exd5 Qxd5 3. Nc3 Qa5 4. d4 Nf6 5. Bc4 Bf5 6. Nf3 e6 7. 0-0 c6 8. Bf4 Be7 9. h3 0-0 10. Re1 Nbd7 11. a3 Nd5 12. Nxd5 cxd5 13. Bd3 Nf6 14. Bxf5 exf5 15. Rxe7 1-0

[Event "Pan American-ch School U17"]
[Site "Medellin"]
[Date "2019.11.12"]
[Round "2"]
[White "Analuisa Ramirez, Jaime Gonzalo"]
[Black "Florez Caceres, Rafael Omar"]
[Result "1-0"]
[WhiteElo "1394"]
[BlackElo "1654"]
[PlyCount "95"]
[EventDate "2019.11.12"]
[EventType "swiss"]
[EventRounds "9"]
[EventCountry "COL"]
[SourceTitle "CBM 193 Extra"]
[Source "ChessBase"]
[SourceDate "2020.01.31"]
[SourceVersion "1"]
[SourceVersionDate "2020.01.31"]
[SourceQuality "1"]

1. c4 g6 2. Nc3 Bg7 3. g3 Nf6 4. Bg2 0-0 5. Nf3 d6 6. 0-0 Nc6 7. d3 e5 8. Rb1 Ne7 9. Bd2 c6 10. Qc1 Nf5 11. Bg5 h6 12. Bd2 g5 13. e4 Ne7 14. b4 Ng6 15. h3 Bd7 16. b5 Qc8 17. bxc6 bxc6 18. Kh2 g4 19. hxg4 Nxg4+ 20. Kg1 f5 21. exf5 Bxf5 22. Ne4 Rd8 23. Ba5 Rd7 24. Bb4 Bxe4 25. dxe4 c5 26. Bd2 Rf7 27. Nh2 Nxh2 28. Kxh2 Qg4 29. Bh3 Qh5 30. Kg2 Rf6 31. f3 Ne7 32. Bg4 Qf7 33. Rb7 h5 34. Bg5 hxg4 35. Bxf6 Bxf6 36. Qh6 Rf8 37. fxg4 Qxc4 38. Rxf6 Qxe4+ 39. Kg1 Rxf6 40. Rb8+ Kf7 41. Rf8+ Ke6 42. Rxf6+ Kd5 43. Rxd6+ Kc4 44. Qc1+ Kb5 45. Qb2+ Qb4 46. Qe2+ Qc4 47. Qxc4+ Kxc4 48. Re6 1-0

[Event "COL-ch U1800"]
[Site "Villamaria"]
[Date "2019.11.04"]
[Round "7"]
[White "Florez Caceres, Rafael Omar"]
[Black "Ramos Rocha, Natalia"]
[Result "1-0"]
[WhiteElo "1654"]
[BlackElo "1186"]
[PlyCount "96"]
[EventDate "2019.11.01"]
[EventType "swiss"]
[EventRounds "7"]
[EventCountry "COL"]
[SourceTitle "CBM 193 Extra"]
[Source "ChessBase"]
[SourceDate "2020.01.31"]
[SourceVersion "1"]
[SourceVersionDate "2020.01.31"]
[SourceQuality "1"]

1. e4 e5 2. Nf3 Nc6 3. Bb5 Nf6 4. Qe2 Qe7 5. d3 h6 6. h3 a6 7. Ba4 b5 8. Bb3 Qd8 9. Be3 Be7 10. Nbd2 Nb4 11. Nxe5 d5 12. exd5 Nbxd5 13. Nc6 Qd6 14. Nxe7 Qxe7 15. 0-0 Nxe3 16. Qxe3 Qxe3 17. fxe3 0-0 18. a4 c6 19. Nf3 Be6 20. Bxe6 fxe6 21. Nd4 Rac8 22. Nxe6 Rfe8 23. Nc5 Rxe3 24. Kf2 Re5 25. Nxa6 Ra8 26. axb5 cxb5 27. Nb4 Rf5+ 28. Ke2 Re8+ 29. Kd2 Rg5 30. Rf2 Rd8 31. Re2 Kh7 32. Ra7 Nh5 33. Nc6 Rd6 34. Ne5 Rd5 35. g4 Nf4 36. Nf3 Rg6 37. Rh2 Rf6 38. Nh4 Ne6 39. Nf5 Rd8 40. Rb7 Rd5 41. Re2 h5 42. b3 Kh8 43. c4 bxc4 44. bxc4 Rd8 45. Re7 Nf8 46. Nxg7 hxg4 47. hxg4 Rg6 48. Nf5 Rxg4 1-0

[Event "COL-ch U1800"]
[Site "Villamaria"]
[Date "2019.11.04"]
[Round "6"]
[White "Tipiani Martinez, Paula Sofia"]
[Black "Florez Caceres, Rafael Omar"]
[Result "0-1"]
[WhiteElo "1266"]
[BlackElo "1654"]
[PlyCount "70"]
[EventDate "2019.11.01"]
[EventType "swiss"]
[EventRounds "7"]
[EventCountry "COL"]
[SourceTitle "CBM 193 Extra"]
[Source "ChessBase"]
[SourceDate "2020.01.31"]
[SourceVersion "1"]
[SourceVersionDate "2020.01.31"]
[SourceQuality "1"]

1. e4 c5 2. Nf3 e6 3. d4 cxd4 4. Nxd4 a6 5. h3 Qc7 6. g4 Nf6 7. Bg2 d6 8. 0-0 Be7 9. Nc3 0-0 10. a3 Nc6 11. Nxc6 bxc6 12. Ne2 e5 13. Ng3 Rd8 14. c4 Be6 15. Qc2 a5 16. f4 Qb6+ 17. Kh1 Qc5 18. b3 a4 19. Nf5 Bf8 20. Ne3 axb3 21. Qxb3 exf4 22. Rxf4 Qe5 23. Nc2 d5 24. cxd5 cxd5 25. Qb2 Qxb2 26. Bxb2 Nxe4 27. Bxe4 dxe4 28. Rxe4 Bd5 29. Rae1 Re8 30. Nd4 Rxe4 31. Rxe4 Bxe4+ 32. Kg1 Bxa3 33. Bc3 Bc5 34. Kf2 Ra3 35. Bb2 Ra2 0-1

[Event "COL-ch U1800"]
[Site "Villamaria"]
[Date "2019.11.02"]
[Round "3"]
[White "Florez Caceres, Rafael Omar"]
[Black "Zuluaga, Nicolas"]
[Result "0-1"]
[WhiteElo "1654"]
[BlackElo "1745"]
[PlyCount "70"]
[EventDate "2019.11.01"]
[EventType "swiss"]
[EventRounds "7"]
[EventCountry "COL"]
[SourceTitle "CBM 193 Extra"]
[Source "ChessBase"]
[SourceDate "2020.01.31"]
[SourceVersion "1"]
[SourceVersionDate "2020.01.31"]
[SourceQuality "1"]

1. e4 d5 2. exd5 Qxd5 3. Nc3 Qa5 4. d4 c6 5. Bc4 Nf6 6. Nf3 Bg4 7. Bd2 Qh5 8. Qe2 Bxf3 9. gxf3 Nbd7 10. 0-0-0 0-0-0 11. Bf4 Nb6 12. Bb3 e6 13. Be5 Nbd5 14. Nxd5 Nxd5 15. c4 Ne7 16. d5 Ng6 17. Bg3 Qg5+ 18. Kb1 cxd5 19. cxd5 e5 20. Rc1+ Kb8 21. h4 Qf6 22. h5 Nf4 23. Qc4 Qd6 24. Rhe1 f6 25. Bxf4 exf4 26. Re6 Qd7 27. Ba4 Qf7 28. Qxf4+ Ka8 29. Rc7 Qxh5 30. Rxb7 Qg6+ 31. Kc1 Qg1+ 32. Kd2 Qxf2+ 33. Kd3 Rxd5+ 34. Kc4 Qc5+ 35. Kb3 Rd3# 0-1

[Event "COL-chC"]
[Site "Bogota"]
[Date "2019.08.31"]
[Round "6"]
[White "Silva, Jorge"]
[Black "Florez Caceres, Rafael Omar"]
[Result "1-0"]
[WhiteElo "1988"]
[BlackElo "1561"]
[PlyCount "43"]
[EventDate "2019.08.28"]
[EventType "swiss"]
[EventRounds "7"]
[EventCountry "COL"]
[SourceTitle "EXT 2020"]
[Source "ChessBase"]
[SourceDate "2019.10.17"]
[SourceVersion "1"]
[SourceVersionDate "2019.10.17"]
[SourceQuality "1"]

1. e4 c5 2. Nf3 e6 3. d4 cxd4 4. Nxd4 a6 5. Bd3 Qc7 6. 0-0 Nf6 7. c4 Nc6 8. Nxc6 dxc6 9. Nc3 e5 10. h3 Be7 11. Be3 0-0 12. Qb3 Be6 13. Rac1 b5 14. Nd5 cxd5 15. cxd5 Bxd5 16. exd5 Qd7 17. Rfd1 Qxd5 18. Bxh7+ Kxh7 19. Rxd5 Nxd5 20. Qxd5 Bf6 21. Rc7 Kg8 22. Rxf7 1-0

[Event "Uni De Paula Santander op 4th"]
[Site "Ocana"]
[Date "2019.08.25"]
[Round "6"]
[White "Florez Caceres, Rafael Omar"]
[Black "Silva Torres, Jorge J"]
[Result "0-1"]
[WhiteElo "1561"]
[BlackElo "1938"]
[PlyCount "57"]
[EventDate "2019.08.23"]
[EventType "swiss"]
[EventRounds "7"]
[EventCountry "COL"]
[SourceTitle "EXT 2020"]
[Source "ChessBase"]
[SourceDate "2019.10.17"]
[SourceVersion "1"]
[SourceVersionDate "2019.10.17"]
[SourceQuality "1"]

1. e4 c5 2. Nc3 Nc6 3. g3 e5 4. Bg2 d6 5. Nge2 h5 6. 0-0 h4 7. Nd5 Nf6 8. c3 hxg3 9. fxg3 Be7 10. d4 Bg4 11. dxc5 dxc5 12. Be3 Qd7 13. Qc2 0-0-0 14. Rad1 Qe6 15. b4 cxb4 16. cxb4 Bxe2 17. Qxe2 Bd6 18. b5 Nd4 19. Qc4+ Kb8 20. Bxd4 exd4 21. Qxd4 Ng4 22. h3 Bxg3 23. hxg4 Qxg4 24. e5 Bh2+ 25. Kf2 Qg3+ 26. Ke2 Qxg2+ 27. Rf2 Qg5 28. Rxf7 Bxe5 29. Qc4 0-1

[Event "Uni De Paula Santander op 4th"]
[Site "Ocana"]
[Date "2019.08.23"]
[Round "2"]
[White "Florez Caceres, Rafael Omar"]
[Black "Correa Pineda, William"]
[Result "1/2-1/2"]
[WhiteElo "1561"]
[BlackElo "1914"]
[PlyCount "61"]
[EventDate "2019.08.23"]
[EventType "swiss"]
[EventRounds "7"]
[EventCountry "COL"]
[SourceTitle "EXT 2020"]
[Source "ChessBase"]
[SourceDate "2019.10.17"]
[SourceVersion "1"]
[SourceVersionDate "2019.10.17"]
[SourceQuality "1"]

1. e4 c5 2. Nc3 d6 3. g3 g6 4. Bg2 Bg7 5. Nge2 Nc6 6. 0-0 e6 7. d3 Nge7 8. Be3 Nd4 9. Qd2 Nxe2+ 10. Qxe2 Nc6 11. Rae1 Nd4 12. Qd2 0-0 13. Nd1 Bd7 14. c3 Nc6 15. f4 Qa5 16. f5 exf5 17. exf5 Bxf5 18. Rxf5 gxf5 19. Bh6 Qd8 20. Bxc6 bxc6 21. Bxg7 Kxg7 22. Ne3 Qg5 23. Rf1 f4 24. Rxf4 f5 25. d4 c4 26. Qf2 Rae8 27. Nxf5+ Kh8 28. Nxd6 Rxf4 29. Qxf4 Qxf4 30. gxf4 Rf8 31. Nxc4 1/2-1/2

[Event "COL-ch sf2 U16"]
[Site "Bocagrande"]
[Date "2019.05.12"]
[Round "6.3"]
[White "Florez Caceres, Rafael Omar"]
[Black "Hernandez, Jeronimo"]
[Result "0-1"]
[WhiteElo "1603"]
[BlackElo "1857"]
[PlyCount "72"]
[EventDate "2019.05.09"]
[EventType "swiss"]
[EventRounds "6"]
[EventCountry "COL"]
[SourceTitle "EXT 2024"]
[Source "ChessBase"]
[SourceDate "2023.10.10"]
[SourceVersion "1"]
[SourceVersionDate "2023.10.10"]
[SourceQuality "1"]

1. e4 e5 2. Nf3 Nc6 3. Bb5 Nf6 4. d3 d6 5. c3 Be7 6. 0-0 0-0 7. Nbd2 a6 8. Ba4 b5 9. Bc2 Re8 10. Re1 Bf8 11. Nf1 Ne7 12. Ng3 Ng6 13. h3 c5 14. Be3 Bb7 15. a4 h6 16. Rc1 d5 17. exd5 Nxd5 18. d4 exd4 19. cxd4 c4 20. Bxg6 fxg6 21. Ne5 Bd6 22. Qg4 Bxe5 23. dxe5 Rxe5 24. Bd4 Rxe1+ 25. Rxe1 Kh7 26. Re6 Ne7 27. Ne4 Bc8 28. Rxe7 Qxe7 29. Qf4 Bf5 30. Nd6 Bd3 31. axb5 axb5 32. Nxb5 Ra5 33. Nc3 Rf5 34. Qe3 Qb7 35. Ne2 Bxe2 36. Qxe2 Qd5 0-1

[Event "COL-ch sf2 U16"]
[Site "Bocagrande"]
[Date "2019.05.11"]
[Round "5.6"]
[White "Florez Caceres, Rafael Omar"]
[Black "Hoyos Garces, Rosana"]
[Result "1-0"]
[WhiteElo "1603"]
[BlackElo "1611"]
[PlyCount "99"]
[EventDate "2019.05.09"]
[EventType "swiss"]
[EventRounds "6"]
[EventCountry "COL"]
[SourceTitle "EXT 2024"]
[Source "ChessBase"]
[SourceDate "2023.10.10"]
[SourceVersion "1"]
[SourceVersionDate "2023.10.10"]
[SourceQuality "1"]

1. e4 e5 2. Nf3 Nf6 3. d3 Nc6 4. Be2 Be7 5. 0-0 0-0 6. Nbd2 d6 7. c3 Bg4 8. h3 Bh5 9. Re1 Re8 10. Nf1 Bxf3 11. Bxf3 Bf8 12. Ng3 g6 13. Qb3 b6 14. Be3 Bg7 15. Rad1 Qe7 16. Qc2 Rad8 17. d4 Na5 18. b3 Nb7 19. Qc1 Qf8 20. Be2 Re7 21. Ba6 Na5 22. d5 Rb8 23. b4 Nb7 24. c4 Nd7 25. Rd3 Ree8 26. Bb5 Red8 27. Ra3 a5 28. Bd2 axb4 29. Bxb4 Qe7 30. Ra7 Ndc5 31. Qa3 Rf8 32. Qf3 Ra8 33. Rxa8 Rxa8 34. a3 Rf8 35. Qg4 h5 36. Qe2 h4 37. Nf1 f5 38. exf5 gxf5 39. Ne3 Bh6 40. Qh5 Qf6 41. Bd2 Nd3 42. Rf1 Nf4 43. Qf3 e4 44. Qd1 Qg6 45. Kh1 Kh7 46. f3 Rg8 47. Bd7 Qg3 48. Bxf5+ Kg7 49. Bg4 Nd3 50. Nf5+ 1-0

[Event "COL-ch sf2 U16"]
[Site "Bocagrande"]
[Date "2019.05.11"]
[Round "4.4"]
[White "Ruiz Jaraba, Valentina Sofia"]
[Black "Florez Caceres, Rafael Omar"]
[Result "1-0"]
[WhiteElo "1469"]
[BlackElo "1603"]
[PlyCount "55"]
[EventDate "2019.05.09"]
[EventType "swiss"]
[EventRounds "6"]
[EventCountry "COL"]
[SourceTitle "EXT 2024"]
[Source "ChessBase"]
[SourceDate "2023.10.10"]
[SourceVersion "1"]
[SourceVersionDate "2023.10.10"]
[SourceQuality "1"]

1. e4 c5 2. Nf3 e6 3. d4 cxd4 4. Nxd4 a6 5. c4 Nf6 6. Bd3 Be7 7. 0-0 0-0 8. Qe2 d6 9. f4 Qc7 10. Nd2 Nbd7 11. b3 b6 12. Bb2 Bb7 13. Rae1 Nc5 14. Bc2 Rfd8 15. g4 b5 16. g5 Ne8 17. Qf2 bxc4 18. Nxc4 d5 19. exd5 Bxd5 20. Qh4 g6 21. Ne5 Nd6 22. Ng4 Nde4 23. Re3 Bd6 24. Rh3 f6 25. gxf6 Bf8 26. Ne5 h6 27. f7+ Kh7 28. Qg4 1-0

[Event "COL-ch sf2 U16"]
[Site "Bocagrande"]
[Date "2019.05.10"]
[Round "2.6"]
[White "Gamarra Pardo, Sebastian Andres"]
[Black "Florez Caceres, Rafael Omar"]
[Result "0-1"]
[WhiteElo "1423"]
[BlackElo "1603"]
[PlyCount "106"]
[EventDate "2019.05.09"]
[EventType "swiss"]
[EventRounds "6"]
[EventCountry "COL"]
[SourceTitle "EXT 2024"]
[Source "ChessBase"]
[SourceDate "2023.10.10"]
[SourceVersion "1"]
[SourceVersionDate "2023.10.10"]
[SourceQuality "1"]

1. c4 e5 2. Nc3 Nc6 3. g3 g6 4. Bg2 Bg7 5. Nf3 d6 6. d3 Nge7 7. 0-0 0-0 8. Bg5 h6 9. Bd2 Be6 10. a3 Qc8 11. Re1 a6 12. Qc1 Kh7 13. Rb1 Rb8 14. e3 b5 15. b3 b4 16. Ne2 f5 17. a4 Qd7 18. Qc2 Rbd8 19. Bc1 d5 20. Bb2 dxc4 21. dxc4 Qd3 22. Qxd3 Rxd3 23. Nc1 Rd7 24. Ne2 Rfd8 25. Ba1 Rd6 26. h3 a5 27. Kh2 R6d7 28. Kg1 Nc8 29. Kh2 Nd6 30. Ng5+ hxg5 31. Bxc6 Rf7 32. Rbd1 Rdf8 33. Bd5 Bxd5 34. Rxd5 Re8 35. Rxa5 Ne4 36. Kg2 g4 37. h4 Rd7 38. Rd5 Rxd5 39. cxd5 Rd8 40. Rc1 Rxd5 41. Rxc7 Kh6 42. Rc2 Nd2 43. Nc1 Nf3 44. Kf1 Rd1+ 45. Ke2 Re1+ 46. Kd3 e4+ 47. Kc4 Bxa1 48. Kxb4 Ne5 49. Kb5 Rd1 50. b4 Nd3 51. Nb3 Rb1 52. Kc4 Ne5+ 53. Kb5 Rxb3 0-1

[Event "COL-ch U18 sf1"]
[Site "Ibague"]
[Date "2019.04.06"]
[Round "4.3"]
[White "Lopez Ramirez, Daniel Giovanny"]
[Black "Florez Caceres, Rafael Omar"]
[Result "1-0"]
[WhiteElo "1688"]
[BlackElo "1583"]
[PlyCount "85"]
[EventDate "2019.04.04"]
[EventType "tourn"]
[EventRounds "6"]
[EventCountry "COL"]
[SourceTitle "EXT 2024"]
[Source "ChessBase"]
[SourceDate "2023.10.10"]
[SourceVersion "1"]
[SourceVersionDate "2023.10.10"]
[SourceQuality "1"]

1. e4 c5 2. Nf3 e6 3. d4 cxd4 4. Nxd4 a6 5. c4 Nf6 6. Nc3 d6 7. Be2 Be7 8. b4 Qc7 9. Bb2 Bd7 10. a3 0-0 11. 0-0 Nc6 12. Nc2 Rfd8 13. Ne3 Rab8 14. Rc1 Qb6 15. Na4 Qa7 16. b5 axb5 17. cxb5 Ne5 18. Bd4 b6 19. f4 Ng6 20. Bxf6 Bxf6 21. f5 Ne7 22. Qb3 Ra8 23. Rc4 d5 24. exd5 exd5 25. Rb4 d4 26. Ng4 Bxf5 27. Nxf6+ gxf6 28. Bc4 Bg6 29. Rxf6 Nf5 30. Qf3 Qe7 31. Rxf5 Bxf5 32. Qxf5 Qe1+ 33. Qf1 Qxf1+ 34. Kxf1 d3 35. Ke1 Rd6 36. Kd2 Rad8 37. Rb3 Rg6 38. g3 Rf6 39. Bxd3 Rf2+ 40. Ke3 Rxh2 41. Nxb6 Rg2 42. Kf3 Rd2 43. Be4 1-0

[Event "COL-chB U1800"]
[Site "Antioquia"]
[Date "2018.12.09"]
[Round "6"]
[White "Gomez Rondon, Samuel"]
[Black "Florez Caceres, Rafael Omar"]
[Result "0-1"]
[WhiteElo "1718"]
[BlackElo "1440"]
[PlyCount "66"]
[EventDate "2018.12.06"]
[EventType "swiss"]
[EventRounds "7"]
[EventCountry "COL"]
[SourceTitle "CBM 190 Extra"]
[Source "ChessBase"]
[SourceDate "2019.07.15"]
[SourceVersion "1"]
[SourceVersionDate "2019.07.15"]
[SourceQuality "1"]

1. e4 c5 2. Nf3 e6 3. d4 cxd4 4. Nxd4 a6 5. Bd3 d6 6. 0-0 Nf6 7. Nc3 Be7 8. Be3 0-0 9. f3 Nbd7 10. Nb3 b6 11. Qe2 Bb7 12. Rad1 Qc7 13. Qf2 Rac8 14. Qg3 Rfe8 15. Rfe1 Qb8 16. Qf2 Bd8 17. g4 h6 18. h4 Nh7 19. Kh1 Qc7 20. Rg1 Nhf8 21. f4 f6 22. g5 hxg5 23. hxg5 f5 24. g6 Nf6 25. Nd2 Ng4 26. Rxg4 fxg4 27. Bxb6 Qxb6 28. Qh2 Nxg6 29. Nc4 Qc7 30. Kg1 Rf8 31. e5 Qc5+ 32. Kf1 Rxf4+ 33. Ke1 Bh4+ 0-1

[Event "COL-ch"]
[Site "Bogota"]
[Date "2018.11.08"]
[Round "4"]
[White "Campos Cruz, Felix Antonio"]
[Black "Florez Caceres, Rafael Omar"]
[Result "1-0"]
[WhiteElo "1318"]
[BlackElo "1514"]
[PlyCount "69"]
[EventDate "2018.11.06"]
[EventType "swiss"]
[EventRounds "9"]
[EventCountry "COL"]
[SourceTitle "CBM 187 Extra"]
[Source "ChessBase"]
[SourceDate "2018.11.04"]
[SourceVersion "1"]
[SourceVersionDate "2018.11.04"]
[SourceQuality "1"]

1. e4 c5 2. Nc3 Nc6 3. Bc4 e6 4. Nf3 d6 5. a3 Nf6 6. d3 Be7 7. Ne2 a6 8. Be3 b5 9. Bb3 Bb7 10. c3 Qc7 11. Qd2 h6 12. h3 Rc8 13. c4 Na5 14. Qc2 Qb6 15. Bd2 bxc4 16. Ba4+ Kf8 17. Nc3 cxd3 18. Qxd3 Nb3 19. Bxb3 Qxb3 20. 0-0 Nxe4 21. Qe3 Nxd2 22. Nxd2 Qb6 23. b4 Bf6 24. Rab1 Bd4 25. Qg3 cxb4 26. Rxb4 Rxc3 27. Qxc3 Bxc3 28. Rxb6 Bxd2 29. Rxb7 g6 30. Rd1 Bf4 31. g3 Be5 32. f4 Bf6 33. Rxd6 Kg7 34. Rxa6 Rg8 35. Kg2 1-0